000 00497nam a22001937a 4500
005 20250908114627.0
008 250908b |||||||| |||| 00| 0 eng d
037 _cTB
040 _aAL
_cAL
041 _2eng
_aeng
084 _qAL
100 _aWadood, Q. A.
_9820188
245 _aAkhhar-e-Bihar
260 _aPatna, India:
_bSheetal,
_c1996.
300 _a354p.
365 _b175.00
_cINR
942 _2CC
_cTB
_n0
999 _c1435212
_d1435212